Super Simplified Foundation of Information Technology-IX (Record no. 10444)

MARC details
000 -LEADER
fixed length control field 00285nam a22000977a 4500
008 - FIXED-LENGTH DATA ELEMENTS--GENERAL INFORMATION
fixed length control field 180217b ||||| |||| 00| 0 eng d
020 ## - INTERNATIONAL STANDARD BOOK NUMBER
International Standard Book Number 9788176084970
100 ## - MAIN ENTRY--PERSONAL NAME
Personal name Arona.V.
9 (RLIN) 6379
245 ## - TITLE STATEMENT
Title Super Simplified Foundation of Information Technology-IX
260 ## - PUBLICATION, DISTRIBUTION, ETC. (IMPRINT)
Place of publication, distribution, etc. Jalandhar
Name of publisher, distributor, etc. S.P. jain
Date of publication, distribution, etc. 2012
Holdings
Withdrawn status Lost status Source of classification or shelving scheme Damaged status Koha normalized classification for sorting Not for loan Home library Current library Shelving location Date acquired Total Checkouts Full call number Barcode Date last seen Price effective from Koha item type
    Dewey Decimal Classification   ARO_003_540000000000000_D7   Good Samaritan School Library Good Samaritan School Library Computer Science 02/17/2018   ARO003.54 D-7 ARO12705 02/17/2018 02/17/2018 BOOK

Powered by Koha